000 00491nam a22001697a 4500
005 20251108164101.0
008 250721s1989 xx 000 0 ara d
082 1 4 _a155.4/زيد
100 1 _aحواشين، زيدان نجيب
245 1 0 _aالنمو البدني عند الطفل /
264 1 _aعمان :
_bدار الفكر للنشر و التوزيع،
_c1989.
300 _a124ص
650 1 7 _aالأطفال
650 1 7 _aالدراسات
942 _2ddc
_cBK
999 _c3204
_d3204